Migraciones, género y subjetividad: el trabajo con población migrante en Costa Rica = Migrations, gender and subjectivity: working with migrant population in Costa Rica /
Gorde:
| Egile nagusia: | |
|---|---|
| Beste egile batzuk: | , |
| Formatua: | Texto |
| Etiketak: |
Etiketa erantsi
Etiketarik gabe, Izan zaitez lehena erregistro honi etiketa jartzen!
|
MARC
| LEADER | 00000 a a2200000 04500 | ||
|---|---|---|---|
| 001 | 47931 | ||
| 003 | |||
| 040 | |||
| 100 | |a Azofeifa Ramos, Silvia | ||
| 245 | |a Migraciones, género y subjetividad: el trabajo con población migrante en Costa Rica = |b Migrations, gender and subjectivity: working with migrant population in Costa Rica / |c Silvia Azofeifa Ramos, Carmen Caamaño Morúa, Anna Matteucci Wo Ching | ||
| 700 | |a Caamaño Morúa, Carmen | ||
| 700 | |a Matteucci Wo Ching, Anna | ||
| 773 | |g número145, (2014), páginas 35-43 | ||
| 999 | |c 28959 |d 28959 | ||
| 773 | 0 | |0 18728 |9 3012 |a Universidad de Costa Rica |d San José, Costa Rica Editorial UCR 1956- |o 17142 |t Revista de Ciencias Sociales/ |x 04825276 | |
